000 01251nab a2200253 i 4500
001 768714001
003 CO-MdFUSB
005 20240620081120.0
008 240620t1982 us ||||| |||| 00| 0 eng d
040 _bspa
_cCO-MdFUSB
_dCO-MdFUSB
041 _aeng
100 _aHoesl, Marcella,
_eautor
245 1 3 _aThe kingdom :
_bpreferential option for the poor
_c/ Marcella Hoesl
520 _aDesde que la conferencia de obispos latinoamericanos en Puebla, México, dijo que la iglesia está llamada a tener una “opción preferencial” por los pobres, hemos estado lidiando con lo que eso significa concretamente para la comunidad cristiana. Aquí la Dra. Hoesl comparte importantes ideas sobre este tema extraídas de la experiencia de su comunidad religiosa y su servicio misionero en todo el mundo.
546 _aTexto en inglés.
650 0 _aCristianismo y otras religiones
_91247
650 7 _aTeología doctrinal
_9179
650 7 _aPobreza
_92466
650 7 _aFilosofía y religión
_9198
653 _aIglesia Católica
773 0 _049486
_961135
_d Pasadena
_oR0879
_tMissiology:
_w(CO-MdFUSB)97
_gVolumen 10, (número 1, 1982) páginas: 57 - 68
_qpágina: 57
942 _cANA
945 _aCatherine Arias Álvarez - Practicante SENA
999 _c70295
_d70295